000 00377 a2200157 4500
005 20240927145913.0
008 240927b |||||||| |||| 00| 0 eng d
020 _a9789356063570
041 _aeng
100 _aRussell S.
_aNorvig P.
245 _aArtificial Intelligence Modern Approach
250 _a4th ed.
260 _bPearson
_c2022
300 _a1288
942 _cBK
999 _c357083
_d357083